| 000 | 01158cab a2200361 4500 | ||
|---|---|---|---|
| 001 | ABS58070 | ||
| 008 | 090401t1997 xxu||||| |||| 00| 0 eng d | ||
| 035 | _a(Sirsi) u82740 | ||
| 041 | _aeng | ||
| 100 | _aWebber, G. | ||
| 245 | _aShop with flat above: is the sub-tenant protected? | ||
| 260 | _c1997 | ||
| 350 | _a0 | ||
| 490 |
_aSolicitors` Journal _v141(47) 12 December 1997, 1182-1183(2) |
||
| 520 | _aAnalyses through case law whether a sublease on a flat above a shop is protected when the head lease comes to an end. | ||
| 650 | _aASSURED TENANCIES | ||
| 650 | _aCHURCH COMMISSIONERS FOR ENGLAND V BAINES | ||
| 650 | _aEBIED AND ANOTHER V HOPKINS AND ANOTHER | ||
| 650 | _aFLATS ABOVE SHOPS | ||
| 650 | _aHEADLEASE | ||
| 650 | _aHOUSING ACT 1988 | ||
| 650 | _aLANDLORD AND TENANT ACT 1954 PART II | ||
| 650 | _aPITTALIS V GRANT | ||
| 650 | _aPROTECTION FROM EVICTION ACT 1977 S5 | ||
| 650 | _aRENT ACT 1977 | ||
| 650 | _aSUB-LETTING | ||
| 650 | _aSUBTENANTS | ||
| 650 | _aUNDERLEASE | ||
| 650 | _aWELLCOME TRUST LTD V HAMAD | ||
| 690 | _aLANDLORD AND TENANT-BUSINESS TENANCIES | ||
| 942 | _n0 | ||
| 948 | _c17/12/1997 | ||
| 999 |
_c52258 _d52258 |
||